[Event "HUN-chT1 9596"]
[Site "HUN"]
[Date "1995.??.??"]
[Round "3"]
[White "Kallai, Gabor"]
[Black "Adorjan, Andras"]
[Result "1/2-1/2"]
[WhiteElo "2500"]
[BlackElo "2530"]

1.d4 Nf6 2.c4 g6 3.Nc3 d5 4.cxd5 Nxd5 5.e4 Nxc3 6.bxc3 Bg7 7.Nf3 c5 8.Bb5+ Nd7
9.O-O O-O 10.Bg5 a6 11.Bd3 b5 12.Qd2 Bb7 13.Bh6 e5 14.a4  1/2-1/2

[Event "HUN-chT1 9596"]
[Site "HUN"]
[Date "1995.??.??"]
[Round "5"]
[White "Koczka, Zsolt"]
[Black "Szabo, Zsolt"]
[Result "1-0"]
[WhiteElo "2310"]
[BlackElo "2350"]

1.d4 Nf6 2.c4 g6 3.Nc3 d5 4.cxd5 Nxd5 5.e4 Nxc3 6.bxc3 Bg7 7.Bc4 c5 8.Ne2 cxd4
9.cxd4 Nc6 10.Be3 b5 11.Bd5 Bd7 12.O-O O-O 13.Rc1 Rc8 14.Bxc6 Rxc6 15.Rxc6 Bxc6
16.d5 Bd7 17.Qd2 a5 18.Bd4 Qa8 19.Bxg7 Kxg7 20.Qd4+ Kg8 21.Qe5 e6 22.Nf4 Qb8
23.d6 Qb6 24.Rd1 f6 25.Qc3 b4 26.Qg3 Kg7 27.h4 Qb5 28.Nd3 e5 29.Qe3 Rc8 30.f4 a4
31.fxe5 fxe5 32.Qa7 Kh8 33.Nxe5 Qxe5 34.Qxd7 Rf8 35.Qe7 Qf4 36.d7 g5 37.Qxf8+ Qxf8
38.d8=Q Qxd8 39.Rxd8+ Kg7 40.Rb8  1-0

[Event "HUN-chT2 9596"]
[Site "HUN"]
[Date "1995.??.??"]
[Round "5"]
[White "Meleghegyi, Csaba"]
[Black "Karsai, Istvan"]
[Result "1-0"]
[WhiteElo "2400"]
[BlackElo "2170"]

1.d4 Nf6 2.c4 g6 3.Nc3 d5 4.cxd5 Nxd5 5.e4 Nxc3 6.bxc3 Bg7 7.Nf3 c5 8.Rb1 O-O
9.Be2 Qa5 10.Rb5 Qxc3+ 11.Bd2 Qa3 12.Ra5 Qb2 13.Rxc5 Nc6 14.d5 Nd4 15.Nxd4 Bxd4
16.Rc4 a5 17.O-O Bf6 18.Bh6 Rd8 19.Rc2 Qe5 20.Bf3 Bd7 21.Qd2 b5 22.Bf4 Qd4
23.Qe2 Rdc8 24.Bc7 Be5 25.Rd1 Qa4 26.Rdc1 Bxc7 27.Rxc7 Rxc7 28.Rxc7 Rc8 29.Rxc8+ Bxc8
30.h3 Bd7 31.Qb2 Qc4 32.Qa3 Qb4 33.Qxb4 axb4 34.Bd1 Kf8 35.f4 Ke8 36.Kf2 Kd8
37.Ke3 Kc7 38.Kd4 Kb6 39.g4 h6 40.Bc2 Bc8 41.e5 g5 42.f5 Bd7 43.Bb3 Be8 44.f6 exf6
45.exf6 Kb7 46.Kc5 Kc7 47.d6+ Kd8 48.Bd5 Kd7 49.Bc6+  1-0

[Event "HUN-chT2 9596"]
[Site "HUN"]
[Date "1995.??.??"]
[Round "6"]
[White "Lengyel, Ferenc"]
[Black "Horvath, Jozsef"]
[Result "1/2-1/2"]
[WhiteElo "2315"]
[BlackElo "2515"]

1.d4 Nf6 2.c4 g6 3.Nc3 d5 4.cxd5 Nxd5 5.e4 Nxc3 6.bxc3 Bg7 7.Bc4 c5 8.Ne2 Nc6
9.Be3 O-O 10.O-O Bg4 11.f3 Bd7 12.Rb1 a6 13.Qd2 Rc8 14.Rfc1 b5 15.Bd3 Qa5
16.dxc5 Rfd8 17.Nf4 e6 18.Bf1 Be8 19.Qc2 Ne5 20.Rd1 Bf8 21.Rxd8 Rxd8 22.Kh1 Qc7
23.Qf2 Rc8 24.Rd1 Nd7 25.Nd3 Be7 26.Qg3 Qa5 27.Nb4 Nxc5 28.Bd4 Qa4 29.Re1 a5
30.Na6 b4 31.cxb4 axb4 32.Nxc5 Bxc5 33.Ba1 Bf8 34.Qe5 Rc3 35.Bxc3 bxc3 36.Qxc3 Bb4
37.Qe3 Bxe1 38.Qxe1 Qxa2 39.Qe2 Qa1 40.Kg1 e5 41.Kf2 Kg7 42.Qd2 h5 43.h4 Qa7+  1/2-1/2

[Event "HUN-chT1 9596"]
[Site "HUN"]
[Date "1995.??.??"]
[Round "6"]
[White "Krutti, Valer"]
[Black "Konopka, Michal"]
[Result "1/2-1/2"]
[WhiteElo "2415"]
[BlackElo "2395"]

1.d4 Nf6 2.c4 g6 3.Nc3 d5 4.cxd5 Nxd5 5.e4 Nxc3 6.bxc3 Bg7 7.Bc4 c5 8.Ne2 Nc6
9.Be3 O-O 10.Rc1 Bd7 11.h4 cxd4 12.cxd4 Qa5+ 13.Kf1 Rfc8 14.h5 Nd8 15.f3 b5  1/2-1/2

[Event "Isle of Man op"]
[Site "Isle of Man"]
[Date "1995.??.??"]
[Round "2"]
[White "Wells, Peter K"]
[Black "Stohl, Igor"]
[Result "1/2-1/2"]
[WhiteElo "2545"]
[BlackElo "2525"]

1.d4 Nf6 2.c4 g6 3.Nc3 d5 4.cxd5 Nxd5 5.e4 Nxc3 6.bxc3 Bg7 7.Nf3 c5 8.Rb1 O-O
9.Be2 Nc6 10.d5 Ne5 11.Nxe5 Bxe5 12.Qd2 b6 13.f4 Bg7 14.O-O e6 15.Bc4 Bb7
16.dxe6 Bxe4 17.exf7+ Kh8 18.Rb2 Qxd2 19.Rxd2 Bxc3 20.Re1 Bf5 21.Re7 Kg7
22.Bb2 Bxb2 23.Rxb2 Rad8 24.Rxa7 Rd1+  1/2-1/2

[Event "Isle of Man op"]
[Site "Isle of Man"]
[Date "1995.??.??"]
[Round "3"]
[White "Sadler, Matthew"]
[Black "Miles, Anthony J"]
[Result "1/2-1/2"]
[WhiteElo "2565"]
[BlackElo "2600"]

1.d4 Nf6 2.c4 g6 3.Nc3 d5 4.cxd5 Nxd5 5.e4 Nxc3 6.bxc3 Bg7 7.Nf3 c5 8.Rb1 O-O
9.Be2 cxd4 10.cxd4 Qa5+ 11.Bd2 Qxa2 12.O-O a5 13.Bg5 a4 14.Bxe7 Re8 15.Rc1 Qe6
16.Bb4 Qxe4 17.Re1 Bd7 18.Ng5 Qf4 19.Bd2 Qf6 20.Bc4 Rf8 21.Ne4 Qb6 22.d5 Na6
23.Be3 Qd8 24.Bd4 b5 25.Bxg7 Kxg7 26.Qd4+ f6 27.Bf1 Kg8 28.d6 Rf7 29.Re3 Qf8
30.Qd5 Nb4 31.Qd2 Na6 32.Qd5  1/2-1/2

[Event "ITA-chT"]
[Site "Italy"]
[Date "1995.??.??"]
[Round "?"]
[White "Efimov, Igor"]
[Black "Beggi, Pierluigi"]
[Result "0-1"]
[WhiteElo "2460"]
[BlackElo "2220"]

1.d4 Nf6 2.c4 g6 3.Nc3 d5 4.cxd5 Nxd5 5.e4 Nxc3 6.bxc3 Bg7 7.Bb5+ Bd7 8.Be2 O-O
9.Rb1 c5 10.Nf3 Qc7 11.O-O b6 12.h3 Nc6 13.d5 Na5 14.Bg5 f6 15.Bd2 e5 16.Ne1 Nb7
17.c4 Nd6 18.f3 Qc8 19.Qc2 f5 20.Rc1 Qd8 21.exf5 Nxf5 22.Rf2 Nd4 23.Qe4 Bf5
24.Qe3 Qh4 25.g4 Bd7 26.Bf1 e4 27.f4 h5 28.Ng2 Qe7 29.Qg3 Nf3+ 30.Rxf3 exf3
31.Qxf3 hxg4 32.hxg4 Bd4+ 33.Kh2 Rae8 34.Kg3 Qd6 35.Bd3 Rf7 36.Rh1 g5 37.Rh5 Rg7
38.Kh2 gxf4 39.Nxf4 Be5 40.Rh4 Rf8 41.Qh3 Bxf4+ 42.Kh1 Bxd2 43.Rh8+ Kf7 44.Qh5+ Ke7
45.Qh4+ Bg5  0-1

[Event "Kassel op"]
[Site "Kassel"]
[Date "1995.??.??"]
[Round "5"]
[White "Majer, Damir"]
[Black "Haase, Wolfgang"]
[Result "1/2-1/2"]
[WhiteElo "2285"]
[BlackElo "2055"]

1.d4 Nf6 2.c4 g6 3.Nc3 d5 4.cxd5 Nxd5 5.e4 Nxc3 6.bxc3 Bg7 7.Bc4 c5 8.Ne2 Nc6
9.Be3 O-O 10.O-O cxd4 11.cxd4 Na5 12.Bd3 Bg4 13.f3  1/2-1/2

[Event "Katowice op"]
[Site "Katowice"]
[Date "1995.??.??"]
[Round "5"]
[White "Czerwonski, Aleksander"]
[Black "Malisauskas, Vidmantas"]
[Result "1/2-1/2"]
[WhiteElo "2370"]
[BlackElo "2520"]

1.d4 Nf6 2.c4 g6 3.Nc3 d5 4.cxd5 Nxd5 5.e4 Nxc3 6.bxc3 Bg7 7.Bb5+ c6 8.Ba4 O-O
9.Ne2 b6 10.Be3 Ba6 11.h4 e5 12.Qd2 exd4 13.cxd4 c5 14.Rd1 Bxe2 15.Kxe2 Qc8
16.Bb3 c4 17.Bc2 Nc6 18.h5 Rd8 19.hxg6 hxg6 20.Qc3 b5 21.Kf1 b4 22.Qxc4 Nxd4
23.Qxc8 Raxc8 24.Ba4 Nb5 25.Rxd8+ Rxd8 26.Bxb5 Rd1+ 27.Ke2 Rxh1 28.Bxa7 Rc1
29.Ba4 Rc4 30.f3 Rc1 31.Bb3 Rb1 32.f4 Rb2+ 33.Kf3 Bc3 34.Bc5 Kg7 35.e5 Rd2
36.Be3 Rd8 37.e6 fxe6 38.Bxe6 Bd4 39.Bxd4+ Rxd4 40.Bb3 Kf6 41.Ke3 Rd8 42.Kf3 Rd3+
43.Kg4 Re3 44.Bc4 Ke7 45.Bb3 Kf6 46.g3 Rd3 47.Bc4 Rd4 48.Bb3 g5 49.Kf3 Rd7
50.fxg5+ Kxg5 51.Ke4 Rd2 52.Ke3 Rd6 53.Ke4 Rc6 54.Kd5 Rc3 55.Kd6 Rc8 56.Be6 Rc3
57.g4 Rc1 58.Kd5 Kf6 59.Bf5 Rc3 60.Kd6 Kg5 61.Kd5 Kf4 62.Kd4 Rc1 63.Be6 Rc7
64.Bf5 Kf3 65.Be6 Kf4 66.Bf5 Rc6 67.Kd5 Rc3 68.Kd4 Rc7 69.Be6 Kg5 70.Bf5 Kf6
71.Kd5 Rc3 72.Kd6 Rc1 73.Kd5 Kg5 74.Be6 Rc2 75.Kd4 Rc7 76.Bf5 Kf4 77.Be6 Rc2
78.Bc4  1/2-1/2

[Event "Katowice op"]
[Site "Katowice"]
[Date "1995.??.??"]
[Round "7"]
[White "Kula, Robert"]
[Black "Malisauskas, Vidmantas"]
[Result "1/2-1/2"]
[WhiteElo "2350"]
[BlackElo "2520"]

1.d4 Nf6 2.c4 g6 3.Nc3 d5 4.cxd5 Nxd5 5.e4 Nxc3 6.bxc3 Bg7 7.Be3 c5 8.Qd2 Qa5
9.Rc1 cxd4 10.cxd4 Qxd2+ 11.Kxd2 O-O 12.Bb5 f5 13.f3 Nc6 14.Ne2 Rd8 15.d5 Bd7
16.Rhd1 Ne5 17.Bxd7 Rxd7 18.Ke1 fxe4 19.fxe4 Ng4 20.Bf4 Re8 21.h3 Nf6 22.Rc4 e6
23.d6 e5 24.Be3 b6 25.Nc3 Red8 26.Bg5 Rxd6 27.Rxd6 Rxd6 28.Rc8+ Kf7 29.Bxf6 Bxf6
30.Rc7+ Kg8 31.Nd5 a6 32.a4 Bh4+ 33.Ke2 b5 34.axb5 axb5 35.Rb7 Ra6 36.Rxb5 Ra2+
37.Kf3 h5 38.g4 Ra3+ 39.Ke2 Rxh3 40.gxh5 gxh5 41.Ne3 Rh2+ 42.Kd3 Bg3 43.Nf1 Rg2
44.Nxg3 Rxg3+ 45.Ke2 Rg5 46.Rb7 h4 47.Kf3 Rg3+ 48.Kf2 Rg4 49.Kf3 Rf4+ 50.Kg2 Rxe4
51.Kh3 Kf8 52.Rh7 Rd4 53.Rxh4 Ke7 54.Rxd4 exd4 55.Kg4 Kd6 56.Kf3 Kc5  1/2-1/2

[Event "Kavala op"]
[Site "Kavala"]
[Date "1995.??.??"]
[Round "5"]
[White "Argiroudis, Stamatis"]
[Black "Pesic, Ninoslav"]
[Result "1/2-1/2"]
[WhiteElo "2190"]
[BlackElo "2340"]

1.d4 Nf6 2.c4 g6 3.Nc3 d5 4.cxd5 Nxd5 5.e4 Nxc3 6.bxc3 Bg7 7.Bb5+ c6 8.Ba4 O-O
9.Ne2 a5 10.Bb3 b5 11.a4 Na6 12.Be3 b4 13.Rc1 Bb7 14.O-O Rc8 15.Qd2 c5 16.cxb4 cxd4
17.Nxd4 axb4 18.f3 Qa5 19.Nb5 Nb8 20.Rc5 Na6 21.Rxc8 Bxc8 22.Rd1 Nb8 23.Qc2 Bd7
24.Qc5 e6 25.Qa7 Qxa7 26.Bxa7 Rc8 27.Nd6 Rc3 28.Bxb8 Rxb3 29.Nb5 h5 30.Rxd7 Rb1+
31.Kf2 b3 32.e5 b2 33.Nc3 Rc1 34.Rb7 Rxc3 35.Rxb2 Ra3 36.Rb4 Bh6 37.Rc4 Ra2+
38.Kg3 Bd2 39.Bc7 Be1+ 40.Kh3 Bd2 41.g4 g5 42.gxh5 Bf4 43.Rxf4 gxf4 44.a5 Kg7
45.Kg4 Kh6 46.h4 Rg2+ 47.Kxf4 Kxh5 48.Bd8 Re2 49.Be7 Rd2 50.Ke4 Rd5 51.Bb4 Rb5
52.Bc3 Rb3 53.Kd4 Kxh4 54.Kc4 Rb7 55.Be1+ Kh3 56.a6 Rd7 57.Kb5 Kg2 58.Kb6 Rd1
59.a7 Rb1+ 60.Kc5 Ra1  1/2-1/2

[Event "RUS-sf"]
[Site "Kazan"]
[Date "1995.??.??"]
[Round "1"]
[White "Hasanov, Marat"]
[Black "Yandemirov, Valeri"]
[Result "0-1"]
[WhiteElo "2295"]
[BlackElo "2460"]

1.d4 Nf6 2.c4 g6 3.Nc3 d5 4.cxd5 Nxd5 5.e4 Nxc3 6.bxc3 Bg7 7.Bc4 O-O 8.Ne2 Nc6
9.O-O Na5 10.Bd3 b6 11.Bg5 Qd7 12.Qd2 Re8 13.Rad1 Qa4 14.Bh6 Nc4 15.Bxc4 Qxc4
16.Bxg7 Kxg7 17.Rfe1 Bb7 18.Qg5 Rad8 19.Nf4 Qxc3 20.Ne6+ fxe6 21.Qe5+ Kf7
22.Re3 Qc6 23.Rh3 Kg8 24.Rh4  0-1

[Event "Platonov mem"]
[Site "Kiev"]
[Date "1995.??.??"]
[Round "9"]
[White "Ostojic, Nikola"]
[Black "Boric, Muhamed"]
[Result "1-0"]
[WhiteElo "2455"]
[BlackElo "2435"]

1.d4 Nf6 2.c4 g6 3.Nc3 d5 4.cxd5 Nxd5 5.e4 Nxc3 6.bxc3 Bg7 7.Be3 b6 8.Bd3 c5
9.Ne2 O-O 10.O-O Nc6 11.Bb5 Qc7 12.Qa4 Na5 13.Bd3 Bd7 14.Qa3 e5 15.dxe5 Qxe5
16.Rad1 Bc6 17.f4 Qe7 18.Ng3 Rad8 19.Qc1 Rfe8 20.Rfe1 Qb7 21.Rd2 Rd7 22.Qc2 h5
23.e5 h4 24.Nh1 Bd5 25.c4 Be6 26.Nf2 Nc6 27.Be4 Rxd2 28.Qxd2 Qc8 29.Bd5 Bf5
30.Ne4 Bxe4 31.Bxe4 Nd4 32.Bd5 Qf5 33.Bxd4 cxd4 34.Qxd4 Bf8 35.Kh1 Bc5 36.Qe4 Qxe4
37.Rxe4 Kg7 38.g4 hxg3 39.hxg3 Re7 40.Kg2 f6 41.e6 Rc7 42.Re1 Be7 43.g4 Rc5
44.a4 Rc8 45.Rd1 Rd8 46.Rb1 Kf8 47.Kf3 Rc8 48.Rb2 Rc5 49.Ke4 Kg7 50.f5 g5
51.Rb1 Kf8 52.Kd3 Kg7 53.Kc3 Kf8 54.Kb3 Kg7 55.Rc1 Rc8 56.a5 bxa5 57.Ka4 Bb4
58.Rb1 Rc7 59.Rb2 Kf8 60.Rh2 Kg7 61.Rh3 Rc8 62.Rd3 Rc7 63.Bf3 Rxc4 64.Rd7+ Kf8
65.Rf7+ Ke8 66.Be2 Re4 67.Bb5+ Kd8 68.Rd7+ Kc8 69.Ba6+ Kb8 70.Rb7+ Ka8 71.Kb3 Bd6
72.Rd7 a4+ 73.Kc2  1-0

[Event "Platonov mem"]
[Site "Kiev"]
[Date "1995.??.??"]
[Round "12"]
[White "Ostojic, Nikola"]
[Black "Mikhalevski, Victor"]
[Result "0-1"]
[WhiteElo "2455"]
[BlackElo "2495"]

1.d4 Nf6 2.c4 g6 3.Nc3 d5 4.cxd5 Nxd5 5.e4 Nxc3 6.bxc3 Bg7 7.Be3 c5 8.Qd2 Qa5
9.Rb1 b6 10.Bb5+ Bd7 11.Be2 Bc6 12.Bd3 O-O 13.Ne2 c4 14.Bc2 Qxa2 15.O-O Ba4
16.Bxa4 Qxa4 17.Bh6 Bxh6 18.Qxh6 Qc2 19.Rbe1 Nc6 20.Nf4 Kh8 21.Re3 Rg8 22.Nh3 f6
23.Nf4 g5 24.Ne6 Nd8 25.Nf8 Rg7 26.Ng6+ Kg8 27.Nxe7+ Rxe7 28.Qxf6 Rg7 29.e5 Qg6
30.Qf3 Rc8 31.d5 Nf7 32.Qg4 Re8 33.Rfe1 b5 34.Qd7 Nxe5 35.Qxb5 Rge7 36.h3 Qd6
37.Re4 a6 38.Qa4 Qxd5 39.Qxa6 Ng6 40.Rxe7 Rxe7 41.Qc8+ Kf7 42.Rxe7+ Nxe7  0-1

[Event "Kishinev Interzonal (Women)"]
[Site "Kishinev"]
[Date "1995.??.??"]
[Round "3"]
[White "Burtman, Sharon"]
[Black "Petrenko, Svetlana"]
[Result "1/2-1/2"]
[WhiteElo "2065"]
[BlackElo "2250"]

1.d4 Nf6 2.c4 g6 3.Nc3 d5 4.cxd5 Nxd5 5.e4 Nxc3 6.bxc3 Bg7 7.Bc4 c5 8.Be3 Nc6
9.Ne2 cxd4 10.cxd4 Qa5+ 11.Qd2 O-O 12.Qxa5 Nxa5 13.Bd3 Be6 14.Rc1 Bxa2 15.O-O Rfc8
16.Rxc8+ Rxc8 17.Ra1 Bc4 18.Bxc4 Nxc4 19.Rxa7 Nxe3 20.fxe3 Rc2 21.Kf2 Rb2
22.Kf3 Rb3 23.Ra8+ Bf8 24.e5 e6 25.Ng3 Kg7 26.Ne4 Be7 27.Re8 Bf8 28.Rb8 Be7
29.Re8 Bf8 30.Nd6 b6 31.Rb8 Be7 32.Ne4 h6 33.Rb7 Ba3 34.Rc7 Bb2 35.Ke2 Ba3
36.Rc8 Be7 37.Nd6 g5 38.Rb8 g4 39.Rb7 Kf8 40.Rb8+ Kg7 41.Rb7 Kf8  1/2-1/2

[Event "Kishinev Interzonal (Women)"]
[Site "Kishinev"]
[Date "1995.??.??"]
[Round "9"]
[White "Galliamova, Alisa"]
[Black "Qin Kanying"]
[Result "1-0"]
[WhiteElo "2475"]
[BlackElo "2370"]

1.d4 Nf6 2.c4 g6 3.Nc3 d5 4.cxd5 Nxd5 5.e4 Nxc3 6.bxc3 Bg7 7.Nf3 c5 8.Rb1 O-O
9.Be2 Nc6 10.d5 Ne5 11.Nxe5 Bxe5 12.Qd2 b6 13.O-O e6 14.Bc4 Bg7 15.Re1 Rb8
16.e5 exd5 17.Bxd5 Qc7 18.c4 Be6 19.Qe2 Rbd8 20.Bg5 Rde8 21.f4 h6 22.Bh4 Qc8
23.Rb3 Qa6 24.Re3 Qa4 25.g4 b5 26.Re4 bxc4 27.Bxe6 fxe6 28.Rxc4 Qa6 29.Qc2 Kh7
30.Bf2 Rf7 31.h4 Kg8 32.Rc1 h5 33.Qxg6 Ref8 34.f5 Qxa2 35.f6 Rxf6 36.exf6 Rxf6
37.Qe8+ Rf8 38.Qxe6+ Kh8 39.R1c2 Qb1+ 40.Kg2 Qb7+ 41.Qe4  1-0

[Event "Kosice op"]
[Site "Kosice"]
[Date "1995.??.??"]
[Round "?"]
[White "Kononenko, Tatiana"]
[Black "Hudak, V."]
[Result "1-0"]
[WhiteElo "2240"]
[BlackElo "2120"]

1.d4 Nf6 2.c4 g6 3.Nc3 d5 4.cxd5 Nxd5 5.e4 Nxc3 6.bxc3 Bg7 7.Bc4 c5 8.Ne2 Nc6
9.Be3 cxd4 10.cxd4 Qa5+ 11.Kf1 O-O 12.Rc1 Bg4 13.f3 Bd7 14.h4 h5 15.g4 hxg4
16.h5 gxh5 17.Ng3 Qa3 18.Qd2 Bxd4 19.Bxd4 Qxf3+ 20.Bf2 Ne5 21.Qg5+  1-0

[Event "Kranj opJ rapid"]
[Site "Kranj"]
[Date "1995.??.??"]
[Round "1"]
[White "Nadj, Aleksander"]
[Black "Panic, Branko"]
[Result "1/2-1/2"]
[WhiteElo "1650"]
[BlackElo "1850"]

1.d4 Nf6 2.c4 g6 3.Nc3 d5 4.cxd5 Nxd5 5.e4 Nxc3 6.bxc3 Bg7 7.Bc4 O-O 8.Ne2 c5
9.O-O cxd4 10.cxd4 Qc7 11.Bb3 Rd8 12.Be3 Nc6 13.Rc1 Qa5 14.Rc5 Qxc5 15.dxc5 Rxd1
16.Rxd1 Kf8 17.Ba4 e6 18.Bxc6 bxc6 19.Rd8+ Ke7 20.Rd6 Bd7 21.f4 Rb8 22.Nd4 Bxd4
23.Bxd4 Rb5 24.Be3 a5 25.Rd4 Rb2 26.Rd2 Rxd2 27.Bxd2 a4 28.a3 Kd8 29.Kf2 Bc8
30.Ke3 Ba6 31.Kd4 Kd7 32.Ke5 Ke7 33.Ba5 f6+ 34.Kd4 h5 35.h4 Kd7 36.g3 Ke7  1/2-1/2

[Event "Kurgan"]
[Site "Kurgan"]
[Date "1995.??.??"]
[Round "1"]
[White "Pospelov, Evgeny"]
[Black "Vorontsov, Nickolay"]
[Result "0-1"]
[WhiteElo "2385"]
[BlackElo "2360"]

1.d4 Nf6 2.c4 g6 3.Nc3 d5 4.cxd5 Nxd5 5.e4 Nxc3 6.bxc3 Bg7 7.Bc4 c5 8.Ne2 O-O
9.O-O Nc6 10.Be3 Bg4 11.f3 Na5 12.Bd5 cxd4 13.cxd4 Bc8 14.a4 e6 15.Ba2 b6
16.Rc1 Ba6 17.Re1 Rc8 18.d5 Bc4 19.Bxc4 Nxc4 20.Bd4 exd5 21.Bxg7 Kxg7 22.Qd4+ Qf6
23.Qxd5 Rfd8 24.Qb7 Qg5 25.f4 Qc5+ 26.Kh1 Rc7 27.Qa6 Qf2 28.Ng3 Ne3 29.Qe2 Qxe2
30.Nxe2 Rxc1 31.Nxc1 Nc2 32.Rf1 Rd4 33.a5 bxa5 34.Nb3 Rxe4 35.Nxa5 Ne3 36.Rf3 Nc4  0-1

[Event "Kurgan"]
[Site "Kurgan"]
[Date "1995.??.??"]
[Round "3"]
[White "Sherbakov, Ruslan"]
[Black "Vorontsov, Nickolay"]
[Result "1-0"]
[WhiteElo "2520"]
[BlackElo "2360"]

1.d4 Nf6 2.c4 g6 3.Nc3 d5 4.cxd5 Nxd5 5.e4 Nxc3 6.bxc3 Bg7 7.Nf3 c5 8.Rb1 O-O
9.Be2 cxd4 10.cxd4 Qa5+ 11.Bd2 Qxa2 12.O-O Bg4 13.Bg5 h6 14.Be3 Nc6 15.d5 Na5
16.Bc5 Bxf3 17.Bxf3 Rfe8 18.Re1 b6 19.Re2 Qc4 20.Rc2 Qa4 21.Bxe7 Nc4 22.d6 Bf8
23.e5 Rab8 24.Ra1 Na3 25.Rd2 Qxd1+ 26.Rdxd1 Nc4 27.Bc6 Bxe7 28.Bxe8 Rxe8
29.dxe7 Rxe7 30.f4 a5 31.Rd5 Rb7 32.Rb1 Kf8 33.Kf2 Ke7 34.Rd4 Na3 35.Rb3 Nc2
36.Rd6 Nb4 37.g4 b5 38.f5 Na2 39.f6+ Ke8 40.Rbd3 Rb8 41.Rd7  1-0

[Event "National op"]
[Site "Las Vegas"]
[Date "1995.??.??"]
[Round "5"]
[White "Paschall, William M"]
[Black "Carrasco, Paul"]
[Result "1-0"]
[WhiteElo "2370"]
[BlackElo "2165"]

1.d4 Nf6 2.c4 g6 3.Nc3 d5 4.cxd5 Nxd5 5.e4 Nxc3 6.bxc3 Bg7 7.Nf3 O-O 8.Be2 c5
9.Rb1 Qc7 10.O-O Nd7 11.Re1 b6 12.Bg5 Re8 13.Qb3 Bb7 14.Bc4 e6 15.a4 Nf6
16.e5 Nd7 17.Nd2 Bc6 18.Ne4 Bxe4 19.Rxe4 h6 20.Bd2 Red8 21.Re2 Rac8 22.Ba6 Rb8
23.f4 Qc6 24.Rf1 Nf8 25.Qc4 Qd5 26.Qxd5 Rxd5 27.Bc4 Rdd8 28.Be3 cxd4 29.cxd4 Rbc8
30.Rc1 Rc7 31.Rec2 Rdc8 32.Bd3 Rxc2 33.Rxc2 Rxc2 34.Bxc2 Nd7 35.g4 Nb8 36.f5 g5
37.Bb3 exf5 38.gxf5 Nc6 39.Kf2 Nxe5 40.dxe5 Bxe5 41.h3 Kg7 42.Kf3 Kf6 43.Kg4 Kg7
44.Kh5 Bc7 45.Bc4 Be5 46.Bc1 Bd4 47.Ba3 Be5 48.Be7 Bd4 49.Bd6 Kf6 50.Bd3 Kg7
51.Bb8 a5 52.Bd6 Bc3 53.Be7 Be5 54.f6+  1-0

[Event "Leeuwarden op"]
[Site "Leeuwarden"]
[Date "1995.??.??"]
[Round "4"]
[White "Gleizerov, Evgeny"]
[Black "Oral, Tomas"]
[Result "1-0"]
[WhiteElo "2540"]
[BlackElo "2410"]

1.d4 Nf6 2.c4 g6 3.Nc3 d5 4.cxd5 Nxd5 5.e4 Nxc3 6.bxc3 Bg7 7.Bb5+ c6 8.Ba4 b5
9.Bb3 b4 10.Ne2 bxc3 11.Be3 Ba6 12.Rc1 Nd7 13.e5 Qa5 14.e6 fxe6 15.Bxe6 Rb8
16.O-O Rb2 17.Nxc3 Bxf1 18.Qf3 Bf6 19.Qxc6 Qd8 20.Nd5 Kf8 21.Kxf1  1-0

[Event "GER-chJT"]
[Site "Leipzig"]
[Date "1995.??.??"]
[Round "?"]
[White "Naumann, Alexander"]
[Black "Klee, Mario"]
[Result "1-0"]
[WhiteElo "2360"]
[BlackElo "2095"]

1.d4 Nf6 2.c4 g6 3.Nc3 d5 4.cxd5 Nxd5 5.e4 Nxc3 6.bxc3 Bg7 7.Bc4 c5 8.Ne2 O-O
9.Be3 cxd4 10.cxd4 Nc6 11.Rc1 Qa5+ 12.Kf1 Bd7 13.h4 Rfc8 14.h5 Nd8 15.f3 Ba4
16.Qd3 b5 17.Bd5 Rxc1+ 18.Bxc1 Rc8 19.hxg6 hxg6 20.Bh6 Bh8 21.f4 e6 22.Bg5 Bg7
23.f5 exd5 24.f6 Ne6 25.Qh3  1-0

[Event "GER-chJT"]
[Site "Leipzig"]
[Date "1995.??.??"]
[Round "?"]
[White "Dimitrijeski, Kristian"]
[Black "Stephan, Axel"]
[Result "0-1"]
[WhiteElo "2180"]
[BlackElo "2155"]

1.d4 Nf6 2.c4 g6 3.Nc3 d5 4.cxd5 Nxd5 5.e4 Nxc3 6.bxc3 Bg7 7.Bb5+ c6 8.Ba4 O-O
9.Be3 e5 10.Ne2 Qe7 11.f3 Nd7 12.O-O b5 13.Bb3 Rd8 14.a4 Bb7 15.axb5 cxb5
16.d5 Nf6 17.c4 bxc4 18.Bxc4 Ne8 19.Qb3 Nd6 20.Ba6 Rdb8 21.Rfb1 Bf8 22.Qd3 Qd7
23.Nc3 Qc8 24.Bxb7 Rxb7 25.Rxb7 Qxb7 26.Rb1 Qc8 27.Na4 Qc7 28.Rc1 Qa5 29.Nc5 Rc8
30.h3 Rc7 31.Nb3 Rxc1+ 32.Nxc1 Qc7 33.Kh2 a5 34.Qa6 Qc3 35.Qd3 Qc7 36.Qa6 Nc4
37.Qc6 Bd6 38.Qxc7 Bxc7 39.Bc5 f5 40.exf5 gxf5 41.Kg1 Bb6 42.Nd3 e4 43.fxe4 fxe4
44.Bxb6 exd3 45.Bxa5 Nxa5 46.Kf2 Nc4 47.d6 Kf7  0-1

[Event "GER-ch U20"]
[Site "Leipzig"]
[Date "1995.??.??"]
[Round "7"]
[White "Parulava, Temur"]
[Black "Wilhelmi, Christian"]
[Result "0-1"]
[WhiteElo "2285"]
[BlackElo "2315"]

1.d4 Nf6 2.c4 g6 3.Nc3 d5 4.cxd5 Nxd5 5.e4 Nxc3 6.bxc3 Bg7 7.Qa4+ Nd7 8.Nf3 O-O
9.Bg5 c5 10.Rd1 Qc7 11.Be2 e5 12.O-O a6 13.Qa3 exd4 14.cxd4 cxd4 15.Nxd4 Qe5
16.Be7 Re8 17.Bd6 Qxe4 18.Bf3 Qh4 19.Nb5 Ne5 20.Nc7 Nxf3+ 21.gxf3 Bh3 22.Nxe8 Rxe8
23.Rfe1 Qg5+ 24.Bg3 Rxe1+ 25.Rxe1 h5 26.Qe7 Bf6 27.Qe8+ Kg7 28.Qe3 Qf5 29.Be5 Kh7
30.Bxf6 Qxf6 31.f4 Be6 32.a3 Qf5 33.f3 Qc2 34.Rc1 Qa2 35.Qc3 Bh3 36.Rc2 Qb1+
37.Rc1 Qb6+ 38.Qc5 Qb2 39.Rc2 Qb1+ 40.Rc1 Qd3 41.Qf2 Qxa3 42.Re1 a5 43.Qe3 Qd6
44.Kf2 a4 45.Kg3 Be6 46.Rb1 Qd5 47.Rb6 a3 48.Rxe6 Qxe6 49.Qxa3 Qe1+ 50.Kg2 Qe2+
51.Kg3 b5 52.Qb3 Qc4 53.Qb1 b4 54.f5 b3 55.fxg6+ fxg6 56.Qa1 Qc7+ 57.Kh3 Qg7
58.Qa4 Qb7  0-1

[Event "GER-ch U20"]
[Site "Leipzig"]
[Date "1995.??.??"]
[Round "9"]
[White "Fuhrmann, Daniel"]
[Black "Wilhelmi, Christian"]
[Result "1/2-1/2"]
[WhiteElo "2275"]
[BlackElo "2315"]

1.d4 Nf6 2.c4 g6 3.Nc3 d5 4.cxd5 Nxd5 5.e4 Nxc3 6.bxc3 Bg7 7.Bc4 O-O 8.Be3 Nc6
9.Ne2 e5 10.d5 Na5 11.Bb3 b6 12.O-O Ba6 13.Qc2 c5 14.c4 f5 15.exf5 gxf5 16.Bd2 Nb7
17.Rae1 Nd6 18.a4 Qh4 19.f4 e4 20.Bc3 Bxc3 21.Qxc3 Qf6 22.Rc1 Kf7 23.Rf2 Rg8
24.Qxf6+ Kxf6 25.Ng3 Rae8 26.Nf1 e3 27.Re2 Re4 28.Ng3 Re7 29.Rc3 Rge8 30.Nf1 Re4
31.Ng3 Rd4 32.Rcxe3 Rxe3 33.Rxe3 Bxc4 34.Bxc4 Nxc4 35.Re6+ Kf7 36.Rh6 Rxd5
37.Rxh7+ Kg6 38.Rxa7 Rd2 39.Rb7 Rb2 40.Re7 Kf6 41.Re2 Rb4 42.Ra2 Ne3 43.h3 Rb1+
44.Kh2 c4 45.Ne2 Nf1+ 46.Kg1 Ne3+ 47.Kf2 Nd1+ 48.Kg3 Rb3+ 49.Kh2 Ne3 50.g4 fxg4
51.hxg4 Nxg4+ 52.Kg2 Ne3+ 53.Kf3 Nc2+ 54.Kg4 Nb4 55.Rd2 Nd3 56.Nd4 Rb2 57.Re2 c3
58.Re6+ Kf7 59.Rc6 Rb4 60.Rc7+ Ke8 61.Ne2 Rxa4 62.Rxc3 Nc5  1/2-1/2

[Event "Leon"]
[Site "Leon"]
[Date "1995.??.??"]
[Round "3"]
[White "Morovic Fernandez, Ivan"]
[Black "De la Villa Garcia, Jesus Maria"]
[Result "1/2-1/2"]
[WhiteElo "2575"]
[BlackElo "2490"]

1.d4 Nf6 2.c4 g6 3.Nc3 d5 4.cxd5 Nxd5 5.e4 Nxc3 6.bxc3 Bg7 7.Be3 c5 8.Qd2 Qa5
9.Rb1 b6 10.Bb5+ Bd7 11.Be2 O-O 12.Rc1 cxd4 13.cxd4 Nc6 14.Nf3 Rac8 15.Qxa5 Nxa5
16.Kd2 f5 17.exf5 Bxf5 18.Ba6 Rcd8 19.Ke2 Bg4 20.Rhd1 Rf6 21.h3 Bxf3+ 22.gxf3 Rfd6
23.d5 Rxd5 24.Rxd5 Rxd5 25.Rc7 Kf7 26.Rxa7 Bd4 27.Rc7 Kf6 28.Rc8 Rd6 29.Bb5 Nb7
30.a4 Nd8 31.f4 Ne6 32.Kf3 Bb2 33.Rb8 Bd4 34.Rc8 Bb2 35.Rb8 Bd4 36.Bc4 Bc5
37.Bxc5 Nxc5 38.Rf8+ Kg7 39.Rf7+ Kh8 40.Rf8+ Kg7 41.Rf7+ Kh8  1/2-1/2

[Event "Liechtenstein op"]
[Site "Liechtenstein"]
[Date "1995.??.??"]
[Round "?"]
[White "Morchat, Miroslaw"]
[Black "Kleiser, Gregor"]
[Result "1/2-1/2"]
[WhiteElo "2240"]
[BlackElo "2165"]

1.d4 Nf6 2.c4 g6 3.Nc3 d5 4.cxd5 Nxd5 5.e4 Nxc3 6.bxc3 Bg7 7.Bc4 c5 8.Ne2 Nc6
9.Be3 O-O 10.O-O Bg4 11.f3 Na5 12.Bd3 cxd4 13.cxd4 Be6 14.Qa4 a6 15.d5 b5
16.Qb4 Nc6 17.Qa3 Ne5 18.Rac1 Bd7 19.Rfd1 f5 20.exf5 Nxd3 21.Qxd3 Bxf5 22.Qb3 Qd6
23.Bc5 Qe5 24.Nd4 Bd7 25.Nc6 Bxc6 26.dxc6+ Kh8 27.Bd4 Qf4 28.Bxg7+ Kxg7 29.Qe6 Rac8
30.Qxe7+ Rf7 31.Qe6 Rcc7 32.Rc2 Rfe7 33.Qb3 Re3 34.Qd5 Re5 35.Qd2 Qf6 36.Qc3 Re6
37.Rd7+ Rxd7 38.Qxf6+ Kxf6 39.cxd7 Ke7 40.Rd2 Kd8 41.Kf2 b4 42.Rd5 Rb6 43.Ke3 b3
44.axb3 Rxb3+ 45.Kd4 Rb4+ 46.Ke3 Rb2 47.g4 Rxh2 48.Ra5 Kxd7 49.Rxa6 Ke7 50.Kf4 Kf7
51.Ra7+ Kf6  1/2-1/2

[Event "Liechtenstein op"]
[Site "Liechtenstein"]
[Date "1995.??.??"]
[Round "2"]
[White "Spiegel, Wilfried"]
[Black "Pribyl, Josef"]
[Result "1/2-1/2"]
[WhiteElo "2225"]
[BlackElo "2405"]

1.d4 Nf6 2.c4 g6 3.Nc3 d5 4.cxd5 Nxd5 5.e4 Nxc3 6.bxc3 Bg7 7.Bc4 c5 8.Be3 Nc6
9.Ne2 O-O 10.O-O Qc7 11.Rc1 Rd8 12.Qd2 Qa5 13.Rfd1 cxd4 14.cxd4 Qxd2 15.Rxd2 e6
16.d5 exd5 17.Bxd5 Bd7 18.Bg5 Rf8 19.Bb3 Be6 20.Bxe6 fxe6 21.Rd7 Rf7 22.Rcd1 Raf8
23.f3 e5 24.Rxf7 Rxf7 25.Nc3 Nd4 26.Nd5 Rd7 27.Kf2 Kf7 28.Rc1 Nc6 29.Ke2 Ke6
30.Be3 Bf8 31.g3 Ba3 32.Rc2 a5 33.Bb6 h5 34.Nc7+ Kf7 35.Nb5 Be7 36.Rd2  1/2-1/2

[Event "SLO-ch (Women)"]
[Site "Ljubljana"]
[Date "1995.??.??"]
[Round "?"]
[White "Krmelj, Natasa"]
[Black "Stevanec, Lea"]
[Result "0-1"]
[WhiteElo "2085"]
[BlackElo "2060"]

1.d4 Nf6 2.c4 g6 3.Nc3 d5 4.cxd5 Nxd5 5.e4 Nxc3 6.bxc3 Bg7 7.Bb5+ c6 8.Ba4 O-O
9.Ne2 Na6 10.O-O c5 11.Rb1 Qc7 12.Be3 Rd8 13.Qe1 Bd7 14.Bxd7 Rxd7 15.d5 Qa5
16.Qd2 Qa4 17.f3 e6 18.c4 Qxc4 19.Rfc1 Qa4 20.Bxc5 exd5 21.exd5 Rad8 22.Bxa7 Rxd5
23.Qc2 Qd7 24.Bb6 Rd2 25.Qc4 Re8 26.Ng3 Rd6 27.Bf2 Rc6 28.Qb3 Bd4 29.Rd1 Bxf2+
30.Kxf2 Qe7 31.Ne4 Nc5 32.Qb4 Nxe4+ 33.Qxe4 Qxe4 34.fxe4 Rxe4 35.Rxb7 Rf6+
36.Kg3 Re3+ 37.Kg4 h5+ 38.Kg5 Kg7 39.g3 Re4  0-1